000
00282nam a2200121Ia 4500
008
191201s2011 xx 000 0 und d
100
_a
SINGH,Yogendra
245
0
_a
Human Values And Professional Ethics
260
_b
AITBS
_c
2011
300
_a
222
650
_a
MBA
942
_2
ddc
_c
BK
999
_c
7006
_d
7006